|
|
|
|
| LEADER |
01315nam a2200289 a 4500 |
| 001 |
14989891 |
| 008 |
090411s2008 maua b 001 0 eng d |
| 010 |
|
|
|a \\2007036509
|
| 020 |
|
|
|a 9780071263788
|
| 020 |
|
|
|a 9780072957167 (hbk. : alk. paper)
|
| 020 |
|
|
|a 0072957166 (hbk. : alk. paper)
|
| 040 |
|
|
|a DLC
|c DLC
|d DLC
|
| 082 |
0 |
0 |
|a 621.382
|2 22
|
| 100 |
1 |
|
|a Proakis, John G.
|
| 245 |
1 |
0 |
|a Digital communications /
|c John G. Proakis, Masoud Salehi.
|
| 250 |
|
|
|a 5th ed.
|
| 260 |
|
|
|a Boston :
|b McGraw-Hill,
|c 2008.
|
| 300 |
|
|
|a xviii, 1150 p. :
|b ill. ;
|c 24 cm.
|
| 504 |
|
|
|a Includes bibliographical references (p. 1109-1141) and index.
|
| 541 |
1 |
|
|e 00018187
|
| 650 |
|
0 |
|a Digital communications.
|
| 700 |
1 |
|
|a Salehi, Masoud.
|
| 852 |
4 |
|
|a Ayesha Abed Library
|j Generalshelf
|
| 999 |
|
|
|c 538
|d 538
|
| 952 |
|
|
|0 0
|1 0
|2 ddc
|4 0
|6 621_382000000000000_PRO_2008
|7 0
|9 488
|a BRACUL
|b BRACUL
|c GEN
|d 2009-05-11
|l 4
|m 40
|o 621.382 PRO
|p 3010018187
|r 2026-02-24
|s 2025-12-11
|t 1
|w 2009-05-11
|y BK
|
| 952 |
|
|
|0 0
|1 0
|2 ddc
|4 0
|6 621_382000000000000_PRO_2008
|7 1
|9 11022
|a BRACUL
|b BRACUL
|c GEN
|d 2010-06-16
|l 0
|o 621.382 PRO
|p 3010018185
|r 2010-06-16
|t 2
|w 2010-06-16
|y RSV
|
| 952 |
|
|
|0 0
|1 0
|2 ddc
|4 0
|6 621_382000000000000_PRO_1995
|7 0
|9 11494
|a BRACUL
|b BRACUL
|c GEN
|d 2010-07-04
|l 2
|m 9
|o 621.382 PRO
|p 3010010308
|q 2026-06-07
|r 2026-02-05
|s 2026-02-05
|t 1
|w 2010-07-04
|y BK
|